| 000 | 00857cam a2200217 4500 | ||
|---|---|---|---|
| 001 | WB3543-42 | ||
| 008 | 000000n1999 000 0 eng u | ||
| 035 | _a(Sirsi) u101471 | ||
| 245 | _aRegeneration theories tested in Plymouth | ||
| 260 | _c1999 | ||
| 490 |
_aFinancial Times _v4 November 1999, 8(1) |
||
| 520 | _aA public and private sector partnership, 2020 Partnership, has launched plans for the regeneration of Plymouth which will act as a testbed for the government's regeneration policies. It seeks to act on a wide range of deprivation concerns through collaboration between agencies and improved customer satisfaction. | ||
| 590 | _aWB | ||
| 650 | _aREGENERATION | ||
| 650 | _aTOWN CENTRE REGENERATION | ||
| 650 | _aPLYMOUTH | ||
| 650 | _aCITY 2020 | ||
| 650 | _aPUBLIC PRIVATE PARTNERSHIPS | ||
| 690 | _aURBAN RENEWAL | ||
| 942 | _n0 | ||
| 999 |
_c60604 _d60604 |
||